[Event "Chambery op 14th"]
[Site "Chambery"]
[Date "2008.08.06"]
[Round "5"]
[White "Borbecker, Alain"]
[Black "Mouillaux, Lucien"]
[Result "1-0"]
[WhiteElo "1759"]
[BlackElo "1680"]
[PlyCount "101"]
[EventDate "2008.08.04"]
[EventType "swiss"]
[EventRounds "9"]
[EventCountry "FRA"]
[SourceTitle "EXT 2009"]
[Source "ChessBase"]
[SourceDate "2008.11.26"]
[SourceVersion "1"]
[SourceVersionDate "2008.11.26"]
[SourceQuality "1"]

1. g3 e5 2. d3 Nc6 3. Nf3 g6 4. Bg2 Bg7 5. c4 d6 6. Nc3 h6 7. Bd2 Be6 8. Rb1 Qd7 9. h3 Nge7 10. b4 0-0 11. b5 Nd8 12. a4 d5 13. cxd5 Nxd5 14. Nxd5 Bxd5 15. 0-0 f5 16. Qc1 Kh7 17. Bc3 Nf7 18. Qb2 Rae8 19. Rbd1 b6 20. e4 Bb7 21. d4 Bxe4 22. Nxe5 Nxe5 23. dxe5 Qe6 24. f4 Bxg2 25. Kxg2 Rd8 26. Rd2 Rxd2+ 27. Qxd2 Rf7 28. Rd1 Bf8 29. Kf3 c5 30. Qd5 Qxd5+ 31. Rxd5 Re7 32. Ke3 Bg7 33. Rd6 g5 34. a5 Rb7 35. axb6 axb6 36. Kd3 Kg8 37. e6 Bxc3 38. Rd8+ Kg7 39. Kxc3 Re7 40. Rd6 gxf4 41. gxf4 Kf6 42. Rxb6 Rxe6 43. Rxe6+ Kxe6 44. Kc4 Kd6 45. b6 Kc6 46. b7 Kxb7 47. Kxc5 Kc7 48. Kd5 Kd7 49. Ke5 Ke7 50. Kxf5 Kf7 51. h4 1-0